Historia universal: XXI capítulos fundamentales
Guardado en:
| Autor principal: | |
|---|---|
| Formato: | Libro |
| Lenguaje: | español |
| Publicado: |
Madrid, España
Silex Ediciones S. L
2013
|
| Materias: | |
| Etiquetas: |
Agregar Etiqueta
Sin Etiquetas, Sea el primero en etiquetar este registro!
|
MARC
| LEADER | 00000cam a2200000 a 4500 | ||
|---|---|---|---|
| 001 | UCC5604 | ||
| 003 | CL-VaPUC | ||
| 005 | 20231102152454.0 | ||
| 008 | 181021e20130000sp |||||||||||||||||spa|d | ||
| 999 | |c 372777 |d 372775 | ||
| 020 | |a 9788477378440 | ||
| 040 | |c Pontificia Universidad Católica de Valparaíso | ||
| 082 | 0 | 4 | |a 909 GAR 2013 |2 21 |
| 100 | 0 | |a García Hernán, David |e author |9 599957 | |
| 245 | 1 | 0 | |a Historia universal: |b XXI capítulos fundamentales |
| 260 | |a Madrid, España |b Silex Ediciones S. L |c 2013 | ||
| 300 | |a 818 páginas | ||
| 583 | |a last modification |c 20181021 19:29:00 |k Rodrigo Vera | ||
| 650 | 0 | |a Historia universal |9 266877 | |
| 650 | 0 | |a Prehistoria |9 316557 | |
| 650 | 0 | |a Historia antigua |9 267521 | |
| 650 | 0 | |a Edad media |9 258041 | |
| 650 | 0 | |a Edad moderna |9 350383 | |
| 650 | 0 | |a Edad contemporánea |9 350385 | |
| 942 | |c BK |2 ddc | ||
| 945 | |d 20181021 19:29:00 |a dcastane | ||
| 952 | |0 0 |1 0 |2 ddc |3 erb |4 0 |6 909_000000000000000_GAR_2013 |7 0 |8 A |9 490595 |a BIBHIS |b BIBHIS |i 5508711 |o 909 GAR 2013 |p 5508711 |r 2025-01-20 |t 1 |w 2019-11-24 |y BK |z Catalogado en:20181021 |k HIS | ||